Central Library OPAC University of Rajshahi

Financing State-local services : (Record no. 5783)

MARC details
000 -LEADER
fixed length control field 01076cam a2200289 a 4500
001 - CONTROL NUMBER
control field 5783
003 - CONTROL NUMBER IDENTIFIER
rucl marc code BD-RjUL
005 - DATE AND TIME OF LATEST TRANSACTION
control field 20211208234127.0
008 - FIXED-LENGTH DATA ELEMENTS--GENERAL INFORMATION
fixed length control field 140107s1975 mau bs 001 0 eng
020 ## - INTERNATIONAL STANDARD BOOK NUMBER
International Standard Book Number 0669981869
035 ## - SYSTEM CONTROL NUMBER
System control number (BD-RjUL)5822
040 ## - CATALOGING SOURCE
Original cataloging agency LC
Language of cataloging eng
Transcribing agency LC
Modifying agency ANL
-- BD-RjUL
041 ## - LANGUAGE CODE
Language code of text/sound track or separate title eng
082 00 - DEWEY DECIMAL CLASSIFICATION NUMBER
Classification number 352.10974461
Author mark and year SLF 1975
100 1# - MAIN ENTRY--PERSONAL NAME
Personal name Slavet, Joseph S.
9 (RLIN) 18163
245 10 - TITLE STATEMENT
Title Financing State-local services :
Remainder of title a new strategy for greater equity /
Statement of responsibility, etc. Joseph S. Slavet, Katharine L. Bradbury, Philip I. Moss.
260 ## - PUBLICATION, DISTRIBUTION, ETC. (IMPRINT)
Place of publication, distribution, etc. Lexington, Mass. :
Name of publisher, distributor, etc. Lexington Books,
Date of publication, distribution, etc. c1975.
300 ## - PHYSICAL DESCRIPTION
Pagination xix, 147 p. ;
Size 24 cm.
504 ## - BIBLIOGRAPHY, ETC. NOTE
Bibliography, etc Inlcudes bibliographical references and index.
650 #0 - SUBJECT ADDED ENTRY--TOPICAL TERM
Topical term or geographic name as entry element Municipal services
Geographic subdivision Massachusetts
-- Boston
General subdivision Finance.
9 (RLIN) 18164
Topical term or geographic name as entry element Municipal powers and services beyond corporate limits
Geographic subdivision Massachusetts
General subdivision Finance.
9 (RLIN) 18165
Topical term or geographic name as entry element Local taxation
Geographic subdivision Massachusetts.
9 (RLIN) 18166
700 1# - ADDED ENTRY--PERSONAL NAME
Personal name Bradbury, Katharine L.,
Relator term joint author.
Personal name Moss, Philip I,
Relator term joint author.
942 ## - ADDED ENTRY ELEMENTS (KOHA)
Source of classification or shelving scheme Dewey Decimal Classification
Koha item type Books
Holdings
Lost status Source of classification or shelving scheme Damaged status Not for loan Collection code Permanent Location Current Location Shelving location Date acquired Source of acquisition Cost, normal purchase price Total Checkouts Full call number Date last seen Copy number Koha item type
  Dewey Decimal Classification     Non-fiction Central Library, University of Rajshahi Central Library, University of Rajshahi   05/01/1981 Heffers 7.95   352.10974461 SLF 1975 07/01/2014 C-4 Books
  Dewey Decimal Classification     Non-fiction Central Library, University of Rajshahi Central Library, University of Rajshahi   09/08/1979 Heffor 7.95   352.10974461 SLF 1975 06/08/2016 C-2 Books
  Dewey Decimal Classification     Non-fiction Central Library, University of Rajshahi Central Library, University of Rajshahi   09/08/1979 Heffors 7.75   352.10974461 SLF 1975 06/08/2016 C-3 Books
  Dewey Decimal Classification     Non-fiction Central Library, University of Rajshahi Central Library, University of Rajshahi   05/01/1981 Heffors 7.95   352.10974461 SLF 1975 06/08/2016 C-5 Books